Laddar...

Manikkanum mattu pradhana kathakalum /

Bibliografiska uppgifter
Huvudupphovsman: Lalithambika Antharjanam
Materialtyp: Printed Book
Språk:Malayalam
Publicerad: Kottayam : DC Books, 2003.
Ämnen:
LEADER 00615nam a22001697a 4500
008 160510b xxu||||| |||| 00| 0 mal d
020 |a 8126405635  |c INR 
082 |a 855.2 L1 
100 |a Lalithambika Antharjanam 
245 |a Manikkanum mattu pradhana kathakalum /  |c Lalithambika Antharjanam 
260 |a Kottayam :  |b DC Books,  |c 2003. 
300 |a 112 p. ; 
650 |v Stories  |x Malayalam 
942 |c BK 
546 |a In malayalam 
999 |c 285148  |d 285148 
952 |0 0  |1 0  |4 0  |6 855_200000000000000_L1_MAN  |7 0  |9 323557  |a FLK  |b FLK  |c ST1  |d 2016-05-10  |e BK  |g 95.00  |i 4797  |l 2  |o 855.2 L1 MAN  |p FLK4797  |r 2021-11-03  |s 2021-11-02  |w 2016-05-10  |y BK